000 00428nam a22001337a 4500
008 170419b xxu||||| |||| 00| 0 eng d
020 _a9780471371885
050 _aHF5635
_b. K56 2000
245 _aFinancial Accounting/
_bTools for Business Decision Making
_cPaul Kimmel, Jerry J. Weygandt, Donald E. Kieso
250 _a2nd Edition
260 _aNew York
_bJohn Wiley and sons
_c2000
300 _a239p
_c29cm
942 _2lcc
_cBK
999 _c50012
_d50012